| 000 | 01617nam a2200433Ii 4500 | ||
|---|---|---|---|
| 001 | DIGMARGE0257 | ||
| 003 | NyNyDIG | ||
| 006 | m o d | ||
| 007 | cr ||||||||||| | ||
| 008 | 250118s2024 sp ob 000 0 spa d | ||
| 035 | _a(OCoLC)1475657906 | ||
| 040 |
_aDGITA _beng _erda _epn _cDGITA |
||
| 020 |
_a9788410238503 _qeBook |
||
| 043 | _an-mx--- | ||
| 050 | 1 | 4 | _aF1203 ebook |
| 245 | 0 | 0 |
_a¿Por qué leer a Alamán hoy? / _cAndrés Lira, Catherine Andrews, Josefina Z. Vázquez. |
| 250 | _a3a edición. | ||
| 264 | 1 |
_aBarcelona : _bMarge Books : _bMontaber ; _aMéxico : _bEditorial Fontamara, _c[2024] |
|
| 300 | _a1 online resource. | ||
| 336 |
_atext _btxt _2rdacontent |
||
| 337 |
_acomputer _bc _2rdamedia |
||
| 338 |
_aonline resource _bcr _2rdacarrier |
||
| 347 |
_atext file _2rdaft |
||
| 347 | _bPDF | ||
| 490 | 1 | _aColección Lectura contemporánea de los clásicos | |
| 504 | _aIncludes bibliographical references. | ||
| 588 | 0 | _aOnline resource; title from PDF title page (Digitalia, viewed January 18, 2025) | |
| 600 | 1 | 0 |
_aAlamán, Lucas, _d1792-1853 _xCriticism and interpretation. |
| 651 | 0 |
_aMexico _xHistory. |
|
| 700 | 1 |
_aLira González, Andrés, _eauthor. |
|
| 700 | 1 |
_aAndrews, Catherine _q(Catherine Jane), _eauthor. |
|
| 700 | 1 |
_aVázquez, Josefina Zoraida, _eauthor. |
|
| 791 | 2 |
_aDigitalia (Firm), _edistributor. |
|
| 793 | 0 |
_gDigitalia eBook Collection: _aMarge Books |
|
| 830 | 0 | _aLectura contemporánea de los clásicos. | |
| 856 | 4 | 0 |
_3Digitalia Hispánica _uhttps://www.digitaliapublishing.com/a/162958/ |
| 910 | _aPremium collection: 2025 | ||
| 942 | _cRAA | ||
| 999 |
_c289502 _d289502 |
||